[Event "Berks & Bucks op"]
[Site "Maidenhead"]
[Date "2022.08.28"]
[Round "4"]
[White "Blades, Nigel"]
[Black "De Coverly, Roger D"]
[Result "0-1"]
[WhiteElo "2046"]
[BlackElo "1918"]
[PlyCount "66"]
[EventDate "2022.08.27"]
[EventType "swiss"]
[EventRounds "6"]
[EventCountry "ENG"]
[SourceTitle "CBM 210 Extra"]
[Source "ChessBase"]
[SourceDate "2022.11.30"]
[SourceVersion "1"]
[SourceVersionDate "2022.11.30"]
[SourceQuality "1"]

1. d4 Nf6 2. c4 g6 3. Nc3 Bg7 4. e4 d6 5. Be2 0-0 6. Bg5 Na6 7. Qd2 e5 8. d5 Qe8 9. h4 h5 10. f3 Bd7 11. Nh3 Nh7 12. Be3 f5 13. exf5 gxf5 14. 0-0-0 Qg6 15. f4 e4 16. Ng5 Nf6 17. Rde1 Rfe8 18. Nd1 c6 19. Bd4 cxd5 20. cxd5 Rac8+ 21. Kb1 Nc5 22. Ne3 a6 23. Nc4 e3 24. Nxe3 Nfe4 25. Nxe4 Nxe4 26. Qb4 a5 27. Qb6 Ng3 28. Rh3 Re4 29. Bxg7 Qxg7 30. Bc4 Rcxc4 31. Qd8+ Re8 32. Qxe8+ Bxe8 33. Nxc4 Ne4 0-1

[Event "GBR-ch AM op 106th"]
[Site "Torquay"]
[Date "2019.07.31"]
[Round "3"]
[White "Clarke, Brandon GI"]
[Black "Blades, Nigel"]
[Result "1-0"]
[WhiteElo "2433"]
[BlackElo "2033"]
[PlyCount "45"]
[EventDate "2019.07.29"]
[EventType "swiss"]
[EventRounds "5"]
[EventCountry "ENG"]
[SourceTitle "EXT 2021"]
[Source "ChessBase"]
[SourceDate "2020.10.23"]
[SourceVersion "1"]
[SourceVersionDate "2020.10.23"]
[SourceQuality "1"]

1. e4 d6 2. d4 Nf6 3. Nc3 Nbd7 4. f4 e5 5. Nf3 exd4 6. Qxd4 c6 7. Be3 d5 8. 0-0-0 Bc5 9. Qd3 Qe7 10. e5 Ng4 11. Bxc5 Qxc5 12. Qd2 0-0 13. Nd4 Nb6 14. h3 Nh6 15. g4 Qe7 16. Re1 Kh8 17. f5 Ng8 18. g5 g6 19. f6 Qc7 20. h4 h5 21. gxh6 Be6 22. h7 Kxh7 23. h5 1-0

[Event "GBR-ch Atkins op 106th"]
[Site "Torquay"]
[Date "2019.07.28"]
[Round "4"]
[White "Blades, Nigel"]
[Black "Body, Giles"]
[Result "0-1"]
[WhiteElo "2033"]
[BlackElo "1900"]
[PlyCount "40"]
[EventDate "2019.07.26"]
[EventType "swiss"]
[EventRounds "5"]
[EventCountry "ENG"]
[SourceTitle "EXT 2021"]
[Source "ChessBase"]
[SourceDate "2020.10.23"]
[SourceVersion "1"]
[SourceVersionDate "2020.10.23"]
[SourceQuality "1"]

1. c4 c6 2. Nc3 d5 3. d4 dxc4 4. a4 e5 5. e3 exd4 6. exd4 Be6 7. Nf3 Nf6 8. Ne5 Bb4 9. Bxc4 Bxc4 10. Nxc4 0-0 11. 0-0 Nd5 12. Nxd5 Qxd5 13. Ne3 Qa5 14. Qg4 Na6 15. d5 cxd5 16. Nf5 g6 17. Bh6 Rfd8 18. Qd4 f6 19. Qxf6 Qc7 20. Bg7 gxf5 0-1

[Event "BCF-chT3a 0001 (4NCL)"]
[Site "Birmingham"]
[Date "2000.11.25"]
[Round "3.7"]
[White "Wilson, Alexandra"]
[Black "Blades, Nigel"]
[Result "1/2-1/2"]
[WhiteElo "1648"]
[BlackElo "2040"]
[PlyCount "46"]
[EventDate "2000.11.26"]
[EventType "team-tourn"]
[EventRounds "7"]
[EventCountry "ENG"]
[SourceTitle "EXT 2002"]
[Source "ChessBase"]
[SourceDate "2001.11.25"]
[SourceVersion "1"]
[SourceVersionDate "2001.11.25"]
[SourceQuality "1"]
[WhiteTeam "Mindsports"]
[BlackTeam "Poisoned Pawns II"]
[WhiteTeamCountry "ENG"]
[BlackTeamCountry "ENG"]

1. e4 e5 2. Nf3 Nc6 3. Bb5 f5 4. Nc3 fxe4 5. Nxe4 d5 6. Ng3 Qf6 7. d4 e4 8. Ne5 Nge7 9. 0-0 a6 10. Bxc6+ Nxc6 11. Nxc6 Qxc6 12. f3 exf3 13. Qxf3 Be6 14. Qh5+ Kd7 15. Bf4 Be7 16. Rae1 Raf8 17. c3 Qb6 18. Qe5 Bf6 19. Qxc7+ Qxc7 20. Bxc7 Bh4 21. Be5 Bxg3 22. Bxg3 Rxf1+ 23. Rxf1 Re8 1/2-1/2